[Event "DLM 2008"]
[Site "Dresden GER"]
[Date "2008.11.14"]
[Round "1"]
[White "Müller, Alexander"]
[Black "Schirra, Felix"]
[Result "1-0"]
[Termination "normal"]
[Board "9.5"]
[WhiteElo "1938"]
[BlackElo "1516"]
[WhiteTeam "Sachsen Anhalt"]
[BlackTeam "Saarland"]
[PlyCount "113"]
[WhiteFideId "4624696"]
[BlackFideId "24692662"]
[EventCountry "GER"]
[EventRounds "7"]
[EventType "team-swiss"]
[EventDate "2008.11.13"]

1. e4 c5 2. Nf3 Nc6 3. d4 cxd4 4. Nxd4 g6 5. Be3 Bg7 6. Nc3 Nf6 7. Bc4 O-O 8.
Bb3 Qa5 9. f3 e6 10. Qd2 Rd8 11. O-O-O d5 12. exd5 Nxd5 13. Nxd5 exd5 14. Kb1
Qxd2 15. Rxd2 Nxd4 16. Bxd4 Be6 17. Bxg7 Kxg7 18. Rhd1 Re8 19. Kc1 Rad8 20. c3
Re7 21. Bxd5 Bxd5 22. Rxd5 Rxd5 23. Rxd5 Re2 24. Rd2 Re1+ 25. Kc2 b5 26. Kd3
Re6 27. Re2 Rd6+ 28. Kc2 Kf6 29. Re8 Re6 30. Rxe6+ Kxe6 31. Kd3 Kd5 32. b3 f5
33. c4+ bxc4+ 34. bxc4+ Kc5 35. f4 h6 36. Kc3 a6 37. h4 a5 38. a4 h5 39. g3 Kb6
40. Kd4 Kc6 41. c5 Kc7 42. Kd5 Kd7 43. c6+ Kc7 44. Kc5 Kc8 45. Kb6 Kb8 46. Kxa5
Ka7 47. Kb5 Kb8 48. Kb6 Kc8 49. c7 g5 50. fxg5 f4 51. gxf4 Kd7 52. f5 Kc8 53.
a5 Kd7 54. Kb7 Kd6 55. c8=Q Ke7 56. Qc7+ Kf8 57. f6 1-0

[Event "DLM 2008"]
[Site "Dresden GER"]
[Date "2008.11.14"]
[Round "1"]
[White "Brühan, Caren"]
[Black "Nieber, Alexander"]
[Result "0-1"]
[Termination "normal"]
[Board "9.6"]
[WhiteElo "1226"]
[BlackElo "1824"]
[WhiteTeam "Saarland"]
[BlackTeam "Sachsen Anhalt"]
[PlyCount "106"]
[WhiteFideId "24691976"]
[BlackFideId "24691224"]
[EventCountry "GER"]
[EventRounds "7"]
[EventType "team-swiss"]
[EventDate "2008.11.13"]

1. d4 Nf6 2. Bf4 g6 3. e3 Bg7 4. c4 d5 5. Nc3 c5 6. dxc5 Qa5 7. Qa4+ Qxa4 8.
Nxa4 Na6 9. cxd5 Nb4 10. Bb5+ Bd7 11. Bxd7+ Nxd7 12. Rd1 Nxa2 13. Ne2 Rc8 14.
d6 e6 15. O-O O-O 16. Nc1 Nxc1 17. Rxc1 a5 18. Rfd1 Rc6 19. h4 Rfc8 20. b3 b5
21. Nc3 Rxc5 22. Ne2 Rxc1 23. Nxc1 Rc6 24. Ne2 e5 25. Bg3 Bf8 26. Bxe5 Nxe5 27.
d7 Nxd7 28. Rxd7 a4 29. bxa4 bxa4 30. Ra7 a3 31. Nd4 Rb6 32. Nc2 Rb3 33. Kh2
Bd6+ 34. g3 Rc3 35. Na1 Rc1 36. Nb3 Rb1 37. Nd2 Rb2 38. Nc4 Rxf2+ 39. Kh3 Bc5
40. Ra8+ Kg7 41. Nxa3 Ra2 42. Ra5 Bxa3 43. Kg4 Ra1 44. Ra7 Bb2 45. Rb7 h5+ 46.
Kf4 Bc1 47. Re7 Ra4+ 48. Kf3 Kf8 49. Re4 Rxe4 50. Kxe4 Kg7 51. Kf3 Kf6 52. Kf4
Bd2 53. Kf3 Kf5 0-1

[Event "DLM 2008"]
[Site "Dresden GER"]
[Date "2008.11.14"]
[Round "1"]
[White "Zimmermann, Christian"]
[Black "Schmitt, Carsten"]
[Result "0-1"]
[Termination "normal"]
[Board "9.7"]
[WhiteElo "1513"]
[BlackElo "1383"]
[WhiteTeam "Sachsen Anhalt"]
[BlackTeam "Saarland"]
[PlyCount "56"]
[WhiteFideId "24692069"]
[BlackFideId "24661040"]
[EventCountry "GER"]
[EventRounds "7"]
[EventType "team-swiss"]
[EventDate "2008.11.13"]

1. e4 c5 2. Nf3 g6 3. d4 cxd4 4. Nxd4 Bg7 5. Nc3 Nf6 6. Be3 Nc6 7. Be2 Qa5 8.
Nb3 Qc7 9. Qd2 a6 10. O-O-O d6 11. h4 h5 12. f3 Rb8 13. Rdg1 Ne5 14. Kb1 b5 15.
Bf4 Nc4 16. Qd3 Nd7 17. g4 Nxb2 18. Kxb2 b4 19. gxh5 Bxc3+ 20. Kc1 Rxh5 21. Rg5
Nf6 22. Be3 Bb7 23. Bf2 Be5 24. Qe3 d5 25. Kb1 Bf4 26. Bg3 Bxg3 27. Rxh5 Nxh5
28. Qh6 dxe4 0-1

[Event "DLM 2008"]
[Site "Dresden GER"]
[Date "2008.11.14"]
[Round "1"]
[White "Puffay, Jana"]
[Black "Müller, Alexandra"]
[Result "0-1"]
[Termination "normal"]
[Board "9.8"]
[WhiteElo "1109"]
[BlackElo "1532"]
[WhiteTeam "Saarland"]
[BlackTeam "Sachsen Anhalt"]
[PlyCount "84"]
[WhiteFideId "24692360"]
[BlackFideId "24691496"]
[EventCountry "GER"]
[EventRounds "7"]
[EventType "team-swiss"]
[EventDate "2008.11.13"]

1. e4 e5 2. Nf3 Nc6 3. Bc4 Bc5 4. c3 Nf6 5. d3 O-O 6. Bg5 h6 7. Be3 Bb6 8. O-O
d6 9. h3 Bd7 10. b4 Ne7 11. Nbd2 Ng6 12. a4 c6 13. Re1 Bc7 14. Qb3 Qe7 15. Nf1
a6 16. d4 Bb8 17. Ng3 Bc7 18. Nf5 Bxf5 19. exf5 Nh8 20. Bf4 b5 21. Bd3 e4 22.
Bc2 d5 23. Ne5 Bxe5 24. Bxe5 Nd7 25. Bf4 Qh4 26. Bd6 Rfe8 27. Re3 Qf6 28. Bh2
Qxf5 29. Rae1 Ng6 30. f3 Nf6 31. fxe4 Nxe4 32. R1e2 Nf4 33. Bxf4 Qxf4 34. Qb1
f5 35. Rf3 Qg5 36. Qf1 g6 37. g4 Nd2 38. Rxe8+ Rxe8 39. Rxf5 gxf5 40. Qd3 Qe3+
41. Qxe3 Rxe3 42. Bxf5 bxa4 0-1

[Event "DLM 2008"]
[Site "Dresden GER"]
[Date "2008.11.17"]
[Round "6"]
[White "Schlötzer, Waldemar"]
[Black "Savchenko, Aleksij"]
[Result "1/2-1/2"]
[Termination "normal"]
[Board "1.1"]
[WhiteElo "2245"]
[BlackElo "2238"]
[WhiteTeam "Baden"]
[BlackTeam "Nordrhein-Westfalen"]
[PlyCount "70"]
[WhiteFideId "24602140"]
[BlackFideId "24611727"]
[EventCountry "GER"]
[EventRounds "7"]
[EventType "team-swiss"]
[EventDate "2008.11.13"]

1. d4 Nf6 2. c4 e6 3. Nc3 d5 4. Nf3 Be7 5. Bg5 Nbd7 6. e3 h6 7. Bh4 O-O 8. cxd5
exd5 9. Bd3 b6 10. O-O Bb7 11. Rc1 c5 12. dxc5 bxc5 13. h3 Ne4 14. Bxe7 Qxe7
15. Qb3 Ndf6 16. Bxe4 dxe4 17. Nd2 Ba6 18. Rfd1 Rab8 19. Qa3 Bb5 20. Nxb5 Rxb5
21. Nc4 Qc7 22. b3 Rbb8 23. Rd6 Rfd8 24. Rcd1 Rxd6 25. Rxd6 Nd7 26. Rd5 Qc6 27.
Rd6 Qc7 28. Qa4 Nb6 29. Rc6 Qd8 30. Qxa7 Nxc4 31. bxc4 Rb2 32. Kh2 Rxf2 33. Qb7
Rxg2+ 34. Kxg2 Qd2+ 35. Kf1 Qd1+ 1/2-1/2

[Event "DLM 2008"]
[Site "Dresden GER"]
[Date "2008.11.17"]
[Round "6"]
[White "Kotainy, Jens"]
[Black "Lutz, Bernhard"]
[Result "0-1"]
[Termination "normal"]
[Board "1.2"]
[WhiteElo "2210"]
[BlackElo "2187"]
[WhiteTeam "Nordrhein-Westfalen"]
[BlackTeam "Baden"]
[PlyCount "88"]
[WhiteFideId "24670499"]
[BlackFideId "24628638"]
[EventCountry "GER"]
[EventRounds "7"]
[EventType "team-swiss"]
[EventDate "2008.11.13"]

1. e4 e6 2. d4 d5 3. Nc3 Bb4 4. e5 c5 5. Bd2 cxd4 6. Nb5 Bf8 7. Nf3 Nc6 8.
Nbxd4 Qb6 9. Nb3 Bd7 10. Bd3 Nge7 11. Qe2 a5 12. O-O a4 13. Be3 Qc7 14. Nc5 Ng6
15. Nxd7 Qxd7 16. Bb5 a3 17. b3 Bb4 18. c4 O-O 19. Rfd1 Bc3 20. Rac1 Bb2 21.
cxd5 exd5 22. Rc5 Rad8 23. Bg5 Rde8 24. Rdxd5 Qg4 25. h3 Qh5 26. Qd2 h6 27. Bf4
Qf5 28. Bg3 Qb1+ 29. Qe1 Qxa2 30. Bc4 Rd8 31. e6 fxe6 32. Qxe6+ Kh7 33. Ng5+
hxg5 34. Rxg5 Qb1+ 35. Bf1 Qxf1+ 36. Kxf1 Rd1+ 37. Ke2 Nd4+ 38. Kxd1 Nxe6 39.
Rh5+ Kg8 40. Ra5 Rd8+ 41. Kc2 Nd4+ 42. Kb1 Rc8 43. Rhc5 Re8 44. Rc7 Re1+ 0-1

[Event "DLM 2008"]
[Site "Dresden GER"]
[Date "2008.11.17"]
[Round "6"]
[White "Frey, Alisa"]
[Black "Tkachuk, Konstantyn"]
[Result "1/2-1/2"]
[Termination "normal"]
[Board "1.3"]
[WhiteElo "2001"]
[BlackElo "2180"]
[WhiteTeam "Baden"]
[BlackTeam "Nordrhein-Westfalen"]
[PlyCount "40"]
[WhiteFideId "24634662"]
[BlackFideId "24647330"]
[EventCountry "GER"]
[EventRounds "7"]
[EventType "team-swiss"]
[EventDate "2008.11.13"]

1. e4 c5 2. Nf3 d6 3. d4 cxd4 4. Nxd4 Nf6 5. Nc3 g6 6. Be3 Bg7 7. f3 O-O 8. Qd2
Nc6 9. O-O-O d5 10. exd5 Nxd5 11. Nxc6 bxc6 12. Bd4 e5 13. Bc5 Be6 14. Ne4 Re8
15. h4 h6 16. g4 Qc7 17. g5 h5 18. Bc4 Red8 19. Qf2 a5 20. a4 Rab8 1/2-1/2

[Event "DLM 2008"]
[Site "Dresden GER"]
[Date "2008.11.17"]
[Round "6"]
[White "Krug, Kevin"]
[Black "Tiemann, Christoph"]
[Result "1-0"]
[Termination "normal"]
[Board "1.4"]
[WhiteElo "2204"]
[BlackElo "2079"]
[WhiteTeam "Nordrhein-Westfalen"]
[BlackTeam "Baden"]
[PlyCount "61"]
[WhiteFideId "24609110"]
[BlackFideId "24676900"]
[EventCountry "GER"]
[EventRounds "7"]
[EventType "team-swiss"]
[EventDate "2008.11.13"]

1. d4 Nf6 2. Nc3 d5 3. Bg5 Nbd7 4. f3 c6 5. e4 dxe4 6. fxe4 e5 7. Nf3 Qb6 8.
Qd2 exd4 9. Nxd4 Bb4 10. Nf5 O-O 11. Bd3 Re8 12. O-O-O Nxe4 13. Bxe4 Rxe4 14.
Rhe1 Rxe1 15. Rxe1 Nf8 16. Nxg7 Bg4 17. Ne8 Rxe8 18. Rxe8 Qg1+ 19. Re1 Qxh2 20.
Bf6 Ne6 21. a3 Bd6 22. Kb1 h6 23. Re4 Bf4 24. Qd7 Qh1+ 25. Ka2 Qh5 26. Qxb7 Qf5
27. Qc8+ Kh7 28. Qh8+ Kg6 29. Be5 Bg5 30. Qg8+ Kh5 31. Re1 1-0

[Event "DLM 2008"]
[Site "Dresden GER"]
[Date "2008.11.17"]
[Round "6"]
[White "Sarchisov, Slavik"]
[Black "Blübaum, Johanna"]
[Result "0-1"]
[Termination "normal"]
[Board "1.5"]
[WhiteElo "2019"]
[BlackElo "1902"]
[WhiteTeam "Baden"]
[BlackTeam "Nordrhein-Westfalen"]
[PlyCount "44"]
[WhiteFideId "24647888"]
[BlackFideId "24647373"]
[EventCountry "GER"]
[EventRounds "7"]
[EventType "team-swiss"]
[EventDate "2008.11.13"]

1. e4 e6 2. d4 d5 3. Nc3 Nf6 4. e5 Nfd7 5. f4 c5 6. Nf3 Nc6 7. Be3 Be7 8. Qd2
O-O 9. O-O-O c4 10. g4 b5 11. f5 b4 12. Ne2 Qa5 13. Kb1 c3 14. Qe1 cxb2 15. Nf4
Nb6 16. f6 Na4 17. c4 Nc3+ 18. Kc2 Qa4+ 19. Kd2 Nxd1 20. Bd3 Qxa2 21. Bb1 Qxb1
22. Ne2 dxc4 0-1

[Event "DLM 2008"]
[Site "Dresden GER"]
[Date "2008.11.17"]
[Round "6"]
[White "Blübaum, Matthias"]
[Black "Kohm, Vanessa"]
[Result "1/2-1/2"]
[Termination "normal"]
[Board "1.6"]
[WhiteElo "2019"]
[BlackElo "1839"]
[WhiteTeam "Nordrhein-Westfalen"]
[BlackTeam "Baden"]
[PlyCount "91"]
[WhiteFideId "24651516"]
[BlackFideId "4674472"]
[EventCountry "GER"]
[EventRounds "7"]
[EventType "team-swiss"]
[EventDate "2008.11.13"]

1. d4 d5 2. c4 c6 3. Nc3 Nf6 4. e3 e6 5. Nf3 Bd6 6. Bd3 Nbd7 7. e4 dxe4 8. Nxe4
Nxe4 9. Bxe4 Nf6 10. Bc2 O-O 11. O-O b6 12. Bg5 Be7 13. Qd3 g6 14. Ne5 Bb7 15.
Qf3 Rc8 16. Ba4 Nd7 17. Bxe7 Qxe7 18. Nxc6 Bxc6 19. Bxc6 Nb8 20. d5 Nxc6 21.
dxc6 Qc5 22. b3 Rxc6 23. Rad1 Rcc8 24. Rd7 Rc7 25. Rd2 b5 26. cxb5 Qxb5 27.
Rfd1 Qa5 28. h3 Rcc8 29. Qb7 Rc7 30. Qe4 Qc3 31. Qa4 Kg7 32. Qd4+ Qxd4 33. Rxd4
Rfc8 34. Ra4 Rc1 35. Rxc1 Rxc1+ 36. Kh2 Rc7 37. Kg3 e5 38. b4 f5 39. Ra6 Kh6
40. Ra5 Re7 41. a4 Kg5 42. h4+ Kf6 43. Ra6+ Kf7 44. h5 g5 45. a5 e4 46. Rd6
1/2-1/2

[Event "DLM 2008"]
[Site "Dresden GER"]
[Date "2008.11.17"]
[Round "6"]
[White "Schuhmacher, Jakob"]
[Black "Strößner, Lena"]
[Result "1-0"]
[Termination "normal"]
[Board "1.7"]
[WhiteElo "1630"]
[BlackElo "1991"]
[WhiteTeam "Baden"]
[BlackTeam "Nordrhein-Westfalen"]
[PlyCount "81"]
[WhiteFideId "4612787"]
[BlackFideId "4623525"]
[EventCountry "GER"]
[EventRounds "7"]
[EventType "team-swiss"]
[EventDate "2008.11.13"]

1. d4 e6 2. c4 d5 3. Nc3 c6 4. Nf3 dxc4 5. a4 Bb4 6. e3 b5 7. axb5 cxb5 8. Bd2
Bxc3 9. Bxc3 a5 10. b3 Bb7 11. bxc4 b4 12. Bb2 Nf6 13. Bd3 O-O 14. O-O Ne4 15.
Qc2 f5 16. Nd2 {(=)} Nxd2 17. Qxd2 Nd7 18. Rae1 Re8 19. e4 fxe4 20. Bxe4 Bxe4
21. Rxe4 Rc8 22. d5 Nc5 23. Rg4 Re7 24. Bf6 Ne4 25. Bxe7 Nxd2 26. Bxd8 Nxf1 27.
Bg5 b3 28. Bc1 Nd2 29. d6 Nb1 30. d7 Rd8 31. Rd4 h6 32. c5 Kf7 33. c6 Ke7 34.
Bb2 a4 35. Rxa4 Kd6 36. Rc4 Ra8 37. f4 Kc7 38. Be5+ Kd8 39. Rd4 Ke7 40. c7 b2
41. d8=Q+ 1-0

[Event "DLM 2008"]
[Site "Dresden GER"]
[Date "2008.11.17"]
[Round "6"]
[White "Kuckling, Hannah"]
[Black "Spiegelberg, Silvia"]
[Result "1/2-1/2"]
[Termination "normal"]
[Board "1.8"]
[WhiteElo "1489"]
[BlackElo "1535"]
[WhiteTeam "Nordrhein-Westfalen"]
[BlackTeam "Baden"]
[PlyCount "93"]
[WhiteFideId "24603660"]
[BlackFideId "24654450"]
[EventCountry "GER"]
[EventRounds "7"]
[EventType "team-swiss"]
[EventDate "2008.11.13"]

1. e4 c5 2. c3 Qa5 3. Nf3 d6 4. Bc4 Nf6 5. e5 dxe5 6. Nxe5 e6 7. O-O Bd6 8. d4
cxd4 9. cxd4 Bxe5 10. dxe5 Qxe5 11. Nc3 a6 12. Be3 O-O 13. Re1 Qc7 14. Rc1 Rd8
15. Qb3 b5 16. Be2 Qe7 17. Bb6 Re8 18. Red1 Nbd7 19. Be3 Bb7 20. Bf4 Nd5 21.
Bg3 Nc5 22. Qc2 Rac8 23. Qd2 Red8 24. Nxd5 Bxd5 25. Qe3 Ne4 26. Bf4 g5 27. Be5
f6 28. Bd4 Rxc1 29. Rxc1 Qb4 30. a3 Qb3 31. f3 Qxe3+ 32. Bxe3 Nd6 33. Bd4 e5
34. Bb6 Rb8 35. Bc7 Rc8 36. Rc5 Ne8 37. Rxd5 Rxc7 38. Rd2 Kg7 39. g4 Rf7 40.
Rd8 Kf8 41. Ra8 Rb7 42. Rxa6 Ke7 43. Rc6 Nd6 44. Bd3 h6 45. Kf2 Kd7 46. Rc1 Ke6
47. Rc5 1/2-1/2

[Event "DLM 2008"]
[Site "Dresden GER"]
[Date "2008.11.17"]
[Round "6"]
[White "Lubbe, Nikolas"]
[Black "Hirneise, Jens"]
[Result "1-0"]
[Termination "normal"]
[Board "2.1"]
[WhiteElo "2269"]
[BlackElo "2305"]
[WhiteTeam "Niedersachsen"]
[BlackTeam "Württemberg 1"]
[PlyCount "49"]
[WhiteFideId "4694031"]
[BlackFideId "24614734"]
[EventCountry "GER"]
[EventRounds "7"]
[EventType "team-swiss"]
[EventDate "2008.11.13"]

1. e4 c5 2. Nf3 Nc6 3. d4 cxd4 4. Nxd4 Nf6 5. Nc3 d6 6. Bg5 e6 7. Qd2 a6 8.
O-O-O Bd7 9. f3 h6 10. Be3 b5 11. Nxc6 Bxc6 12. Ne2 Qc7 13. Nd4 Bb7 14. Kb1 Rc8
15. Bd3 Nd7 16. g4 Ne5 17. h4 d5 18. g5 dxe4 19. fxe4 Nc4 20. Bxc4 bxc4 21. g6
e5 22. gxf7+ Kxf7 23. Rhf1+ Kg8 24. Ne6 Qe7 25. Qd7 1-0

[Event "DLM 2008"]
[Site "Dresden GER"]
[Date "2008.11.17"]
[Round "6"]
[White "Strunski, Andreas"]
[Black "Holloway, Timo"]
[Result "1-0"]
[Termination "normal"]
[Board "2.2"]
[WhiteElo "2275"]
[BlackElo "2161"]
[WhiteTeam "Württemberg 1"]
[BlackTeam "Niedersachsen"]
[PlyCount "55"]
[WhiteFideId "24606073"]
[BlackFideId "24631426"]
[EventCountry "GER"]
[EventRounds "7"]
[EventType "team-swiss"]
[EventDate "2008.11.13"]

1. d4 Nf6 2. c4 e6 3. Nc3 Bb4 4. Qc2 O-O 5. Bg5 c5 6. e3 cxd4 7. exd4 Nc6 8.
Nf3 d5 9. a3 Be7 10. Rd1 dxc4 11. Bxc4 Nd5 12. Bc1 Nxc3 13. bxc3 Bf6 14. Ba2
Qa5 15. Bb1 g6 16. O-O b6 17. c4 Ne7 18. Bd2 Qh5 19. Qe4 Ba6 20. Qf4 Bg7 21.
Bb4 Rae8 22. Qc7 Bf6 23. Ne5 Rc8 24. Qxa7 Ra8 25. Qxb6 Nc8 26. Qc6 Ne7 27. Qe4
Rfe8 28. Nd7 1-0

[Event "DLM 2008"]
[Site "Dresden GER"]
[Date "2008.11.17"]
[Round "6"]
[White "Schulz, Jens"]
[Black "Pogan, Nikolas"]
[Result "1-0"]
[Termination "normal"]
[Board "2.3"]
[WhiteElo "2085"]
[BlackElo "2083"]
[WhiteTeam "Niedersachsen"]
[BlackTeam "Württemberg 1"]
[PlyCount "117"]
[WhiteFideId "24675687"]
[BlackFideId "24673579"]
[EventCountry "GER"]
[EventRounds "7"]
[EventType "team-swiss"]
[EventDate "2008.11.13"]

1. e4 c6 2. d4 d5 3. e5 Bf5 4. Nf3 e6 5. Be2 Nd7 6. O-O Ne7 7. Nh4 c5 8. c3
Bxb1 9. Rxb1 Nc6 10. Nf3 Be7 11. Bf4 c4 12. Qd2 b5 13. Bg5 h6 14. Bxe7 Qxe7 15.
Ne1 Nb6 16. Nc2 Qd8 17. Ne3 Ne7 18. f4 g6 19. b3 Nf5 20. Nxf5 gxf5 21. bxc4
bxc4 22. Qe1 Qe7 23. Bh5 Rg8 24. Rf3 O-O-O 25. g3 Rd7 26. Rb4 Kc7 27. Qb1 Rb8
28. Rf2 a5 29. Rb5 Qa3 30. Rfb2 Qxc3 31. Rc5+ Kd8 32. Rxb6 Qxd4+ 33. Kf1 Rxb6
34. Qxb6+ Ke7 35. Rb5 Qxb6 36. Rxb6 c3 37. Rc6 d4 38. Ke2 Rb7 39. Kd3 Rb2 40.
Kxd4 Rxh2 41. Bf3 Rxa2 42. Rc7+ Kd8 43. Rxc3 Rh2 44. Kc5 Ke7 45. Kb5 h5 46.
Kxa5 h4 47. gxh4 Rxh4 48. Rc7+ Kf8 49. Rc4 f6 50. Kb5 fxe5 51. fxe5 Rh3 52. Rc3
Rg3 53. Kc6 Ke7 54. Ra3 Rh3 55. Kc5 f4 56. Kd4 Rg3 57. Ke4 Rg5 58. Ra7+ Kf8 59.
Kxf4 1-0

[Event "DLM 2008"]
[Site "Dresden GER"]
[Date "2008.11.17"]
[Round "6"]
[White "Erben, Larissa"]
[Black "Schreiner, Till"]
[Result "1-0"]
[Termination "normal"]
[Board "2.4"]
[WhiteElo "1991"]
[BlackElo "2066"]
[WhiteTeam "Württemberg 1"]
[BlackTeam "Niedersachsen"]
[PlyCount "79"]
[WhiteFideId "24634590"]
[BlackFideId "24675555"]
[EventCountry "GER"]
[EventRounds "7"]
[EventType "team-swiss"]
[EventDate "2008.11.13"]

1. e4 c5 2. Nf3 d6 3. d4 cxd4 4. Nxd4 Nf6 5. Nc3 a6 6. Be2 e5 7. Nb3 Be7 8. O-O
O-O 9. Kh1 Be6 10. f4 exf4 11. Bxf4 Nc6 12. Qe1 Ne8 13. Rd1 Bf6 14. Qg3 Ne5 15.
Nd4 Qb6 16. Na4 Qb4 17. b3 b5 18. Nb6 Rb8 19. Nd5 Bxd5 20. exd5 Qc5 21. Be3 Qc3
22. Rd2 Bd8 23. Bd3 Nf6 24. Bh6 Ng6 25. Ne2 Qe5 26. Bg5 Nxd5 27. Bxd8 Rbxd8 28.
Bxg6 hxg6 29. Qxe5 dxe5 30. Rfd1 Nf4 31. Rxd8 Nxe2 32. Rxf8+ Kxf8 33. Rd6 Nd4
34. c4 bxc4 35. bxc4 a5 36. Rd5 f6 37. Rxa5 e4 38. Kg1 Ke7 39. Kf2 Ke6 40. Ke3
1-0

[Event "DLM 2008"]
[Site "Dresden GER"]
[Date "2008.11.17"]
[Round "6"]
[White "Schulze, Dorothee"]
[Black "Xu, Xianliang"]
[Result "1-0"]
[Termination "normal"]
[Board "2.5"]
[WhiteElo "1990"]
[BlackElo "1890"]
[WhiteTeam "Niedersachsen"]
[BlackTeam "Württemberg 1"]
[PlyCount "115"]
[WhiteFideId "24609498"]
[BlackFideId "4603230"]
[EventCountry "GER"]
[EventRounds "7"]
[EventType "team-swiss"]
[EventDate "2008.11.13"]

1. e4 d5 2. exd5 Qxd5 3. Nc3 Qa5 4. Bc4 c6 5. Nge2 Bf5 6. O-O e6 7. Ng3 Bg6 8.
d3 Nd7 9. Qe2 Qe5 10. Nce4 O-O-O 11. Be3 h5 12. f4 Qb8 13. f5 h4 14. fxg6 hxg3
15. gxf7 gxh2+ 16. Kh1 Ngf6 17. Bxe6 Qe5 18. Bf5 Nh5 19. Qg4 Kc7 20. Bf4 Nxf4
21. Qxf4 Bd6 22. Qxe5 Nxe5 23. Ng5 Kb6 24. b3 Rh5 25. Ne6 Rdh8 26. d4 Nd7 27.
Nxg7 Rg5 28. Ne8 Rxf5 29. Rxf5 Bf8 30. c3 c5 31. d5 c4 32. b4 a5 33. a3 a4 34.
Re1 Bh6 35. Rh5 Nf8 36. g4 Rh7 37. Re6+ Nxe6 38. dxe6 Kc6 39. Rxh6 Rxh6 40.
f8=Q Rxe6 41. Qc5+ Kd7 42. Qd5+ Ke7 43. Ng7 Rg6 44. Qxb7+ Kf6 45. Ne8+ Kg5 46.
Qe4 Kh6 47. Qxg6+ Kxg6 48. b5 Kf7 49. b6 Kxe8 50. b7 Ke7 51. b8=Q Ke6 52. Kxh2
Kd5 53. Kg3 Ke4 54. Qd6 Ke3 55. Qd4+ Ke2 56. g5 Ke1 57. Kf3 Kf1 58. Qd1# 1-0

[Event "DLM 2008"]
[Site "Dresden GER"]
[Date "2008.11.17"]
[Round "6"]
[White "Stitterich, Nadine"]
[Black "Kyas, Philipp"]
[Result "0-1"]
[Termination "normal"]
[Board "2.6"]
[WhiteElo "1888"]
[BlackElo "1889"]
[WhiteTeam "Württemberg 1"]
[BlackTeam "Niedersachsen"]
[PlyCount "70"]
[WhiteFideId "24676527"]
[BlackFideId "24670936"]
[EventCountry "GER"]
[EventRounds "7"]
[EventType "team-swiss"]
[EventDate "2008.11.13"]

1. e4 e5 2. Nf3 Nc6 3. Bb5 a6 4. Ba4 Nf6 5. O-O b5 6. Bb3 Be7 7. Re1 d6 8. c3
O-O 9. h3 Na5 10. Bc2 c5 11. d4 Nd7 12. Nbd2 exd4 13. cxd4 Nc6 14. Nf1 cxd4 15.
Nxd4 Nxd4 16. Qxd4 Ne5 17. Ne3 Bxh3 18. f4 Nc6 19. Qd1 Bd7 20. Kf2 Qb6 21. Rh1
h6 22. g4 g5 23. Rxh6 gxf4 24. Qh1 Bg5 25. Bb3 fxe3+ 26. Kg2 Bxh6 27. Qxh6 Qd4
28. Kg3 Qe5+ 29. Kh3 Qh8 30. Qxh8+ Kxh8 31. Bxe3 Be6 32. Rh1 Kg7 33. Kg3 Rh8
34. Rc1 Rhc8 35. Rh1 Bxb3 0-1

[Event "DLM 2008"]
[Site "Dresden GER"]
[Date "2008.11.17"]
[Round "6"]
[White "Dorn, Carina"]
[Black "von Schwerin, Clemens"]
[Result "1-0"]
[Termination "normal"]
[Board "2.7"]
[WhiteElo "1778"]
[BlackElo "1906"]
[WhiteTeam "Niedersachsen"]
[BlackTeam "Württemberg 1"]
[PlyCount "107"]
[WhiteFideId "24666335"]
[BlackFideId "4613228"]
[EventCountry "GER"]
[EventRounds "7"]
[EventType "team-swiss"]
[EventDate "2008.11.13"]

1. d4 Nf6 2. c4 c5 3. d5 b5 4. cxb5 a6 5. bxa6 Bxa6 6. Nc3 g6 7. Nf3 d6 8. g3
Bg7 9. Bg2 O-O 10. O-O Nbd7 11. Rb1 Qc7 12. Re1 Rfb8 13. Qc2 Ng4 14. h3 Nge5
15. Bg5 Nb6 16. b3 Ra7 17. Nxe5 Bxe5 18. Bd2 Qd7 19. e4 Rba8 20. f4 Bd4+ 21.
Kh2 Bb7 22. a4 c4 23. Nb5 Bf2 24. Rf1 cxb3 25. Qxb3 Bxg3+ 26. Kxg3 Rxa4 27. Kh2
Ra2 28. Be1 Nxd5 29. exd5 Qf5 30. Rb2 Bxd5 31. Qxd5 Qxd5 32. Bxd5 Rxb2+ 33. Kg3
Rc8 34. Nd4 Rc1 35. Nf3 Rd1 36. Bc6 Rc1 37. Be4 e6 38. Rf2 Rb3 39. Ba5 d5 40.
Bc2 Rb5 41. Bd8 Rc5 42. Bd3 R1c3 43. Bf1 Rb3 44. Bf6 Kf8 45. Ra2 Rc8 46. Ra7
Ke8 47. Ba6 Rcb8 48. Kf2 h5 49. Ng5 Ra3 50. Re7+ Kf8 51. Rxf7+ Kg8 52. Rg7+ Kf8
53. Nxe6+ Ke8 54. Re7# 1-0

[Event "DLM 2008"]
[Site "Dresden GER"]
[Date "2008.11.17"]
[Round "6"]
[White "Weber, Sandra"]
[Black "Manusina, Nicole"]
[Result "0-1"]
[Termination "normal"]
[Board "2.8"]
[WhiteElo "1243"]
[BlackElo "1612"]
[WhiteTeam "Württemberg 1"]
[BlackTeam "Niedersachsen"]
[PlyCount "60"]
[WhiteFideId "1270049"]
[BlackFideId "24657514"]
[EventCountry "GER"]
[EventRounds "7"]
[EventType "team-swiss"]
[EventDate "2008.11.13"]

1. d4 d5 2. c4 e6 3. Nc3 Nf6 4. Bg5 Nbd7 5. e3 c6 6. Nf3 Be7 7. Bd3 dxc4 8.
Bxc4 O-O 9. O-O Re8 10. e4 b5 11. Bd3 b4 12. Ne2 c5 13. e5 Nd5 14. Bxe7 Qxe7
15. Qc2 h6 16. Rfe1 Bb7 17. Ng3 Rec8 18. Qd2 c4 19. Be4 a5 20. Rac1 c3 21. Qc2
a4 22. Ne2 cxb2 23. Qxb2 N7b6 24. Nd2 a3 25. Qa1 Qg5 26. Nb3 Na4 27. Bd3 Ndc3
28. f3 Qe3+ 29. Kh1 Qxd3 30. Ng3 Bd5 0-1

[Event "DLM 2008"]
[Site "Dresden GER"]
[Date "2008.11.17"]
[Round "6"]
[White "Hannes, Diana"]
[Black "Geske, Julian"]
[Result "0-1"]
[Termination "normal"]
[Board "3.1"]
[WhiteElo "2055"]
[BlackElo "2229"]
[WhiteTeam "Thüringen"]
[BlackTeam "Hessen 1"]
[PlyCount "98"]
[WhiteFideId "24611344"]
[BlackFideId "24605263"]
[EventCountry "GER"]
[EventRounds "7"]
[EventType "team-swiss"]
[EventDate "2008.11.13"]

1. e4 d5 2. exd5 Qxd5 3. Nc3 Qa5 4. d4 Nf6 5. Bc4 Bg4 6. f3 Bf5 7. g4 Bg6 8.
Bd2 Qb6 9. h4 h6 10. Qe2 Nc6 11. Na4 Qxd4 12. Be3 Qd6 13. Bc5 Qe5 14. Bb5 Qxe2+
15. Nxe2 e5 16. O-O-O Nd7 17. Bxc6 bxc6 18. Bf2 Nb6 19. Nc5 Bd6 20. Nc3 O-O-O
21. N3e4 Be7 22. Bg3 Rd5 23. Nd3 f6 24. h5 Bh7 25. Bf2 Rhd8 26. Nec5 Bg8 27.
Rhe1 Bf8 28. Bg1 Bf7 29. Bf2 Re8 30. Re2 Rdd8 31. Ree1 Bd5 32. Ne4 Kb8 33. b3
Ba3+ 34. Kb1 Bg8 35. Nec5 Nd5 36. Na4 Bh7 37. Bc5 Bxc5 38. Ndxc5 Kc8 39. a3 Nf4
40. Nc3 Rxd1+ 41. Rxd1 Rd8 42. Kc1 Rd6 43. Rd2 f5 44. Nd1 e4 45. fxe4 fxg4 46.
Rf2 Nxh5 47. Ne3 g3 48. Rf1 Rf6 49. Rg1 Rf3 0-1